Statistics for U.S. Presidents Birthplace - Map Quiz

Click here to take the quiz!

General Stats

  • This quiz has been taken 297 times
  • The average score is 9 of 39

Answers on the Map

Answers color-coded by a green-red scale on the quiz's map according to % correct below.
 

Answer Stats

Answer% Correct
Barack Obama
83%
Bill Clinton
60%
Abraham Lincoln
49%
Richard Nixon
46%
Jimmy Carter
43%
Lyndon B. Johnson
43%
Harry S. Truman
41%
John Adams /
John F. Kennedy /
George H. W. Bush
40%
Donald Trump /
Theodore Roosevelt
39%
Ronald Reagan
33%
Herbert Hoover
30%
Dwight D. Eisenhower
28%
Gerald Ford
27%
Andrew Jackson
25%
Andrew Johnson
23%
George W. Bush
23%
George Washington
19%
James Buchanan
19%
Calvin Coolidge
17%
Franklin D. Roosevelt
17%
Franklin Pierce
17%
Chester A. Arthur
15%
Martin Van Buren
13%
Thomas Jefferson
13%
Ulysses S. Grant
12%
Grover Cleveland
11%
James A. Garfield
10%
James K. Polk
10%
Rutherford B. Hayes
10%
James Madison
9%
James Monroe
9%
Warren G. Harding
9%
William H. Taft
9%
Benjamin Harrison
8%
Woodrow Wilson
8%
Millard Fillmore
7%
William McKinley
7%
Zachary Taylor
7%
William Henry Harrison /
John Tyler
6%

Score Distribution

Percentile by Number Answered

Percent of People with Each Score

Your Score History

You have not taken this quiz